000 00564nam a2200217Ia 4500
003 OSt
005 20220928151235.0
006 a|||||r|||| 00| 0
007 ta
008 220927b |||||||| |||| 00| 0 eng d
024 _a121862
037 _cTextual
040 _aSDCL
_cSDCL
_beng
041 _2eng
_aeng
082 _aB2893, J9-J9;5
100 _aSasieni Maurice
_9516531
245 0 _aOperations research
_b Methods and problems.
260 _c1959
942 _hB2893, J9-J9;5
_cTEXL
_2CC
999 _c850369
_d850369